K otázkam dalšího rozvoje československé výchovně vzdělávací soustavy

Gespeichert in:
Bibliographische Detailangaben
1. Verfasser: Císař, Václav
Körperschaft: Univerzita Karlova v Praze
Weitere Verfasser: Řehák, Miloslav
Format: Buch
Sprache:Tschechisch
Veröffentlicht: Praha Státní pedagogické nakladatelství 1989
Ausgabe:1. vyd.
Tags: Tag hinzufügen
Keine Tags, Fügen Sie das erste Tag hinzu!

MARC

LEADER 00000nam a2200000 4500
001 c039578
005 20221215120123.2
041 0 |a cze 
044 |a CZ 
245 1 0 |a K otázkam dalšího rozvoje československé výchovně vzdělávací soustavy  |c Václav Císař, Miloslav Řehák 
250 |a 1. vyd. 
264 1 |a Praha  |b Státní pedagogické nakladatelství  |c 1989 
300 |a 404 s. 
100 1 |a Císař, Václav 
700 1 |a Řehák, Miloslav 
710 2 |a Univerzita Karlova v Praze